| 000 | 00625nam a2200205Ii 4500 | ||
|---|---|---|---|
| 003 | JO-AjNU | ||
| 008 | 230606s9999||||xx |||||||||||||| ||und|| | ||
| 020 | _a0-415-93346-3 | ||
| 040 |
_aJO-AjNU _beng _erda _cJO-AjNU |
||
| 041 | _aeng | ||
| 050 | 1 | 4 | _aLB1139.C36 2004 |
| 100 | 3 |
_aCannella,Gaile S مؤلف/Virur,Radhikaم.مشارك, _eauthor _91663 |
|
| 245 | 0 | 0 | _aChildhood and Postcolonization |
| 264 | 3 | 1 | _aNew York:Routledge Falmer,2004 |
| 300 | _a182P | ||
| 336 |
_atext _btxt _2rdacontent |
||
| 337 |
_aunmediated _bn _2rdamedia |
||
| 338 |
_avolume _bnc _2rdacarrier |
||
| 650 | 4 |
_a Children-Social conditions. _91664 |
|
| 999 |
_aE872 _c872 _d872 |
||